000 00366pam a2200157a 44500
008 230515b1959 xxu||||| |||| 00| 0 eng d
020 _aNULL
041 _aENGLISH
082 _a1
100 _aJPHN
245 _aSHAWA TEXT BOOK OF GYNAECOLOGY
250 _a1
260 _aAHMEDNAGAR
_bN.D.
_c1959
300 _a100
650 _aSHAWA TEXT BOOK OF GYNAECOLOGY
999 _c497033
_d497033